| 000 | 00522nam a2200169 4500 | ||
|---|---|---|---|
| 001 | 113028 | ||
| 003 | ES-MaACL | ||
| 005 | 20230906185730.0 | ||
| 007 | t| | ||
| 008 | 061121s1962 ag r ||||1| spa d | ||
| 100 | 1 |
_aMusini, Pierercole. _984683 |
|
| 245 | 1 | 0 |
_aKatanga, piel de fuego / _cPierercole Musini ; versión española de Juan Cornudella. |
| 260 |
_aBuenos Aires [etc.] : _bPlaza & Janés, _c1962. |
||
| 300 |
_a273 p. ; _c19 cm. |
||
| 700 | 1 |
_aCornudella, Juan. _940643 |
|
| 852 |
_aES-MaACL _jC-21202 _bR.49713 |
||
| 999 |
_c113028 _d113028 |
||